[Event "HCL-T261"]
[Site "www.playchess.de"]
[Date "2006.01.29"]
[Round "5"]
[White "reddog"]
[Black "stevetilbury"]
[WhiteElo "1775"]
[BlackElo "1608"]
[PlyCount "39"]
[Result "1-0"]

1.e4 c5 2.Nf3 d6 3.d4 cxd4 4.Nxd4 Nf6 5.Nc3 g6 
6.f4 {I was following your game as black against 
sparpaket   were you said you wanted to try out 
some ideas as White. So i'm a little miffed that i 
got White but i'll try mine and look forward to 
using them here, good luck in this game.}  Nc6 
{6.f4 is the line I like!}  7.Be2 {having played 
it then you'll now about the various lines from 
here. I'll have to play with care}  Bg7 8.Be3 O-O 
{I'm not too sure, I have only played it a few 
times!}  9.Nxc6 bxc6 10.O-O Bb7 {For interest my 
game with the latest player is going down the main 
line of the f4 variation}  11.f5 {well i've had a 
little look around at the other games in the 
tournament and our position seems fairly standard} 
 Nd7 {Many years ago I used to play the Sicilain, 
but never the Dragon. I'm not used to pawns on 
g6!}  12.fxg6 {Well now it's mine on g6}  hxg6 
13.Qe1 Ne5 14.Rd1 e6 15.Bc5 d5 16.Bxf8 Qxf8 17.Na4 
c5 18.Qa5 c4 19.Nc5 Bc6 20.Nxe6 1-0

[Event "HCL-A2517"]
[Site "www.playchess.de"]
[Date "2006.01.29"]
[Round "7"]
[White "Emerson"]
[Black "Bauernopfer"]
[WhiteElo "1747"]
[BlackElo "1300"]
[PlyCount "90"]
[Result "0-1"]

1.d4 {Willkommen zum Turnier und herzliche Grüße 
von Dortmund nach Wetzlar!
Norbert}  d5 {Nicht ganz. Sollte mal den Link 
aktualisieren. Bin eigentlich im Kreis Giessen zu 
Hause. Momentan jedoch in Finnland. Trotzdem viel 
Spass und gutes Spiel.}  2.e3 {Also dann: 
Finnland-Wales!}  Nf6 {Wieso Wales?}  3.Bd3 {Ich 
finde das Land (nach einer Reise vor Jahren) gut 
und dachte, der DRACHE passt zu mir. :-)}  Nc6 
4.f4 Bg4 {Ach so. Hatte mich schon wegen der 
Flagge gewundert.}  5.Nf3 {Na ja, kleiner Gag. Ich 
hatte einen Schachfreund bei Playchess aus 
Germany, der lief unter mongolischer Flagge - und 
da dachte ich eben...
Ich gebe mich ja als "Dütscher" zu erkennen.}  e6 
{Nette Idee}  6.c3 Bd6 7.Nbd2 O-O 8.O-O h6 9.h3 
Bxf3 10.Qxf3 a6 11.g4 Ne7 12.g5 hxg5 13.fxg5 Nh7 
14.h4 g6 15.e4 dxe4 16.Nxe4 Nf5 17.Qh3 c6 18.Nxd6 
Qxd6 19.Bf4 Qd5 20.Rfe1 Rfe8 21.Be5 Rad8 22.Bc7 
Rdc8 23.Be5 c5 24.Be4 Qd7 25.Bxf5 exf5 26.Rad1 
{(offering draw)}  cxd4 27.Bxd4 {Na, dann bin ich 
mal gespannt, wie es nun weitergeht. M.E. hat Weiß 
leichten Vorteil...}  Rxe1+ {Ja, sehe ich 
genauso.}  28.Rxe1 Qd6 29.Qe3 Nf8 30.h5 gxh5 
31.Qe5 Qxe5 32.Rxe5 f4 33.Re7 b5 34.Ra7 Rc6 35.Ra8 
h4 36.Bf6 Re6 37.Kg2 Re2+ 38.Kf3 h3 39.Kxe2 h2 
40.Be7 {DA HAB ICH WOHL MÄCHTIG WAS VERSCHLAFEN}  
h1Q {Schauen wir mal. Immerhin steht erstmal mein 
König unter Druck.}  41.Rxf8+ {aber nur ein 
bisschen}  Kg7 42.Re8 Qe4+ 43.Kf1 Qd3+ 44.Kf2 Qe3+ 
45.Kf1 Qc1+ 0-1

[Event "ACL-T167"]
[Site "www.playchess.de"]
[Date "2006.01.29"]
[Round "32"]
[White "Joachim"]
[Black "BDG_Girl"]
[WhiteElo "1887"]
[BlackElo "1753"]
[PlyCount "77"]
[Result "1-0"]

1.e4 c6 2.d4 d5 3.Nc3 dxe4 {Hello and good luck!}  
4.Nxe4 {helo from Bremen / Germany ! Also good 
luck !}  Bf5 5.Ng3 Bg6 6.h4 h6 7.Nf3 e6 8.Ne5 Bh7 
9.Bc4 Nd7 10.Qe2 Nxe5 11.dxe5 Qc7 12.Bb3 Bc5 13.f4 
O-O-O 14.Bd2 Ne7 15.O-O-O Kb8 16.Ne4 Bxe4 17.Qxe4 
Rd4 18.Qe2 Nf5 19.c3 Rxd2 20.Kxd2 Be3+ 21.Kc2 Bxf4 
22.Rh3 h5 23.Kb1 Qxe5 24.Qxe5+ Bxe5 25.Bc2 g6 
{Merry Christmas and my God Bless you and your 
family!}  26.Bxf5 {Merry Christmas also to You and 
Your Family !}  gxf5 27.Rd7 Rf8 28.Kc2 Kc8 29.Rd2 
{a happy New Year 2006 for you !}  Rg8 30.a4 Bf4 
31.Rf2 Bc7 32.Kd3 f4 33.Ke2 e5 34.Kf1 e4 35.b4 Rd8 
36.Ke1 f5 37.Rd2 Bd6 38.a5 Kc7 
39.Rb2 1-0

[Event "ACL-A634"]
[Site "www.playchess.de"]
[Date "2006.01.29"]
[Round "11"]
[White "Trafalmadore"]
[Black "BDG_Girl"]
[WhiteElo "1533"]
[BlackElo "1727"]
[PlyCount "111"]
[Result "1-0"]

1.Nf3 {Hallo there!}  d5 {Hello and good luck!}  
2.c4 c6 3.b3 e6 4.g3 Nd7 5.Bg2 Ngf6 6.Bb2 Bd6 7.d4 
O-O 8.O-O Ne4 9.Nbd2 f5 10.Qc2 Qf6 11.Ne1 Qh6 
12.Bc1 Qg6 13.Nd3 Ng5 14.Nf3 Nxf3+ 15.exf3 dxc4 
16.bxc4 e5 17.Re1 exd4 18.c5 Bb8 19.Bb2 Nf6 
20.Bxd4 f4 21.Re7 Rf7 22.Qb3 Nd5 23.Re2 Bc7 24.Nb4 
Nf6 25.Rae1 Bd7 26.Nd3 Nd5 27.Qxb7 Raf8 28.Qb3 
fxg3 29.hxg3 Rb8 30.Qa3 Rbf8 31.f4 Bf5 32.Ne5 Bxe5 
33.R2xe5 Nc7 34.Qxa7 Ne6 35.Qa4 Nxd4 36.Qxd4 h5 
37.R5e7 h4 38.Rxf7 Kxf7 39.Qe3 hxg3 40.fxg3 Qe6 
41.a4 Qxe3+ 42.Rxe3 Be6 43.Ra3 Ra8 44.Bxc6 Rc8 
45.Bb7 Rxc5 46.a5 Bc8 47.Bxc8 Rxc8 48.a6 Ke6 49.a7 
Ra8 50.g4 g6 51.Kh2 Kf7 52.Ra6 Kf8 53.Ra2 Kf7 
54.Kg3 Kf6 55.Ra6+ Kg7 56.Kh4 1-0

[Event "ACL-T166"]
[Site "www.playchess.de"]
[Date "2006.01.29"]
[Round "27"]
[White "BDG_Girl"]
[Black "Goofy"]
[WhiteElo "1770"]
[BlackElo "1943"]
[PlyCount "36"]
[Result "0-1"]

1.g4 d5 2.Bg2 Bxg4 3.c4 Nf6 4.cxd5 Nxd5 5.Qb3 Nb6 
6.Bxb7 Be6 7.Qg3 {Merry Christmas and may God 
Bless you and your family!}  Bd5 8.Bxa8 Bxa8 9.Nf3 
e6 10.Nc3 a6 11.d3 N8d7 12.Bf4 c5 13.e4 Qf6 14.Rg1 
h6 15.O-O-O g5 16.Bc7 Be7 17.Kb1 c4 18.Bxb6 
Nxb6 0-1

[Event "HCL-E1542"]
[Site "www.playchess.de"]
[Date "2006.01.29"]
[Round "7"]
[White "mkefeli"]
[Black "alldrix"]
[WhiteElo "1802"]
[BlackElo "1598"]
[PlyCount "43"]
[Result "1-0"]

1.d4 e6 {hi!}  2.Nf3 f5 3.Bg5 Be7 4.h4 h6 5.Bf4 
Nf6 6.c4 O-O 7.Nc3 c6 8.Ne5 d5 9.e3 Ne4 10.Ng6 Rf7 
11.Nxe7+ Qxe7 12.f3 Nxc3 13.bxc3 Nd7 14.c5 b6 
15.Qa4 b5 16.Qc2 g5 17.hxg5 hxg5 18.Bd6 Qf6 19.a4 
bxa4 20.Qxa4 Bb7 21.Rb1 Nf8 22.Be5 1-0

[Event "HCL-E1518"]
[Site "www.playchess.de"]
[Date "2006.01.29"]
[Round "8"]
[White "Henk"]
[Black "Roadkill"]
[WhiteElo "1806"]
[BlackElo "1889"]
[PlyCount "80"]
[Result "0-1"]

1.e4 c5 {goodluck
}  2.Nf3 {The same to you!}  d6 3.d4 cxd4 4.Nxd4 
Nf6 5.Nc3 a6 6.Be2 e5 7.Nb3 Be7 8.O-O O-O 9.Kh1 
Be6 10.f4 Qc7 11.Be3 Nbd7 12.f5 Bxb3 13.cxb3 b5 
14.b4 Rfd8 15.Nd5 Nxd5 16.Qxd5 Nf6 17.Qd3 d5 
18.exd5 e4 19.Qb3 Nxd5 20.Rac1 Qe5 21.Bc5 Bf6 
22.Rc2 Rac8 23.a4 Qe8 24.axb5 axb5 25.Ra1 Nf4 
26.Bf1 Nd3 27.g4 Be5 28.g5 Qd7 29.g6 Qxf5 30.gxf7+ 
Qxf7 31.Qxf7+ Kxf7 32.Bxd3 Rxd3 33.Re2 Rcd8 
34.Rae1 R3d1 35.Rxd1 Rxd1+ 36.Kg2 Kf6 37.h3 Kf5 
38.Rf2+ Bf4 39.Bf8 e3 40.Re2 Ke4 0-1

[Event "ACL-T169"]
[Site "www.playchess.de"]
[Date "2006.01.29"]
[Round "9"]
[White "BDG_Girl"]
[Black "ksterleu"]
[WhiteElo "1767"]
[BlackElo "1561"]
[PlyCount "34"]
[Result "0-1"]

1.e4 e5 2.Nf3 Nc6 3.Bc4 Bc5 4.b4 Bxb4 5.c3 Ba5 
{hi!}  6.O-O {Merry Christmas and may God Bless 
you and your family!}  d6 7.d4 Bb6 8.dxe5 dxe5 
9.Qxd8+ Nxd8 10.Nxe5 Be6 11.Bb5+ c6 12.Bd3 Ne7 
13.Nd2 O-O 14.Nec4 Bc7 15.Ba3 Re8 16.Bd6 Bxc4 
17.Nxc4 Ne6 0-1

[Event "HCL-A2543"]
[Site "www.playchess.de"]
[Date "2006.01.29"]
[Round "5"]
[White "Wernswig"]
[Black "froilo"]
[WhiteElo "1423"]
[BlackElo "1386"]
[PlyCount "114"]
[Result "0-1"]

1.e4 {hi, have a nice game}  c5 {thanks, same 
wish}  2.Nf3 g6 3.d4 cxd4 4.Nxd4 Bg7 5.c3 d6 6.Be3 
Nf6 7.Bd3 Nbd7 8.O-O a6 9.Nd2 Ne5 10.N2b3 O-O 
11.f4 Nxd3 12.Qxd3 Bd7 13.f5 Ng4 14.Bf4 Ne5 15.Qh3 
e6 16.fxe6 fxe6 17.Bh6 Re8 18.Rf4 Nf7 19.Bxg7 Kxg7 
20.Rh4 h5 21.Qg3 Qg5 22.Qxg5 Nxg5 23.Rf1 e5 24.Nf3 
Nxf3+ 25.Rxf3 Bg4 26.Rg3 g5 27.Rhxg4 hxg4 28.Rxg4 
Kh6 29.Nd2 b5 30.Nf3 Kh5 31.Rxg5+ Kh6 32.Rf5 Ref8 
33.Nh4 Kh7 34.g4 Rxf5 35.Nxf5 Rd8 36.Kg2 d5 37.Ng3 
dxe4 38.Nxe4 Kg6 39.h4 Rd1 40.b3 Ra1 41.c4 Rxa2+ 
42.Kf3 bxc4 43.bxc4 Rc2 44.Nd6 a5 45.Ke4 a4 46.Nb5 
Rxc4+ 47.Kxe5 Rc5+ 48.Kd4 Rxb5 49.Kc4 Rb1 50.Kd4 
a3 51.Ke4 a2 52.Kf4 Rf1+ 53.Kg3 a1Q 54.h5+ Kg5 
55.h6 Qc3+ 56.Kg2 Qf3+ 57.Kh2 {good game}  Rh1+ 
{thanks}  0-1

[Event "HCL-E1512"]
[Site "www.playchess.de"]
[Date "2006.01.29"]
[Round "2"]
[White "baggur"]
[Black "kanturali"]
[WhiteElo "1628"]
[BlackElo "1945"]
[PlyCount "108"]
[Result "0-1"]

1.e4 {greetings from Reykjavik, Iceland}  c5 2.Nf3 
g6 3.d4 cxd4 4.Nxd4 Bg7 5.Nc3 Nc6 6.Be3 Nf6 7.f3 
O-O 8.Qd2 d5 9.exd5 Nxd5 10.Nxd5 Qxd5 11.Nxc6 bxc6 
12.Qxd5 cxd5 13.O-O-O Rd8 14.Bd3 Be6 15.a3 Rab8 
16.c3 d4 17.Bxd4 Bxd4 18.cxd4 Rxd4 19.Be4 Rc4+ 
20.Kb1 Rc3 21.Rd3 Rc5 22.Rhd1 f5 23.Bd5 Bxd5 
24.R3xd5 Rc7 25.R5d7 {(offering draw)}  Rbb7 
26.R7d8+ Kf7 27.Rh8 h5 28.Rdd8 e5 29.Rh7+ Ke6 
30.Rxc7 Rxc7 31.Rd2 {(offering draw)}  f4 32.h3 
Kf5 33.Rd6 Re7 34.Rd5 g5 35.Kc2 g4 36.hxg4+ hxg4 
37.b4 Rh7 38.fxg4+ Ke4 39.Rd2 Rg7 40.Re2+ Kd5 
41.Rd2+ Ke6 42.b5 Rxg4 43.a4 Rg3 44.Kb2 e4 45.a5 
e3 46.Re2 Rg5 47.b6 Rxa5 48.bxa7 Rxa7 49.g3 Kf5 
50.gxf4 Kxf4 51.Kc3 Kf3 52.Re1 Kf2 53.Rb1 e2 
54.Rb2 Kf1 0-1

[Event "HCL-M876"]
[Site "www.playchess.de"]
[Date "2006.01.29"]
[Round "7"]
[White "ipakris"]
[Black "PamperedPawn"]
[WhiteElo "2267"]
[BlackElo "2389"]
[PlyCount "41"]
[Result "1-0"]

1.e4 {Hi again, I hope for a good long... tough 
game. Good luck !}  e5 {Welcome!  Cheers to a good 
game.}  2.Nf3 Nf6 3.d4 Nxe4 4.Bd3 d5 5.Nxe5 Bd6 
6.O-O O-O 7.c4 Bxe5 8.dxe5 Nc6 9.cxd5 Qxd5 10.Qc2 
Nb4 11.Bxe4 Nxc2 {Wonderful game.... thanks!!}  
12.Bxd5 Bf5 13.g4 Bxg4 14.Bf4 Nxa1 15.Be4 f6 
16.Nc3 fxe5 17.Be3 Bf3 18.Rxa1 Rad8 19.Bc2 a6 
20.Re1 Rf6 21.Bg5 1-0

[Event "HCL-C4023"]
[Site "www.playchess.de"]
[Date "2006.01.29"]
[Round "7"]
[White "pera"]
[Black "el_lopez"]
[WhiteElo "941"]
[BlackElo "800"]
[PlyCount "93"]
[Result "1-0"]

1.e4 {HI and good luck for the game.}  Nc6 2.d4 e6 
3.Bb5 Bb4+ 4.Bd2 a5 5.Bxc6 dxc6 6.Nf3 Nf6 7.e5 Ne4 
8.O-O O-O 9.c3 Be7 10.a4 Bh4 11.g3 Bg5 12.Re1 Nxd2 
13.Nbxd2 Bxd2 14.Qxd2 Qd5 15.Ng5 b6 16.Qc2 g6 
17.b3 h6 18.Ne4 f5 19.c4 Qxd4 20.Nf6+ Kf7 21.Rad1 
Qc5 22.Nd7 Bxd7 23.Rxd7+ Kg8 24.Rxc7 Rf7 25.Rxf7 
Kxf7 26.Qd2 Ke7 27.Qxh6 Rg8 28.Qh7+ Kf8 29.h4 Qe7 
30.Qh6+ Qg7 31.Qg5 Qf7 32.Qd8+ Kg7 {Happy new year 
2006!!!}  33.Qxb6 {You too!}  Qd7 34.Qxa5 Rd8 
35.Rf1 Qe7 36.Qc3 Rd7 37.f4 Qd8 38.a5 Rd1 39.Qf3 
Qd3 40.Kg2 Qxf1+ 41.Qxf1 Rd8 42.b4 Rc8 43.b5 c5 
44.a6 Ra8 45.Qf3 Rd8 46.a7 Rd2+ 
47.Kf1 1-0

[Event "HCL-M860"]
[Site "www.playchess.de"]
[Date "2006.01.29"]
[Round "2"]
[White "Derek"]
[Black "ragno"]
[WhiteElo "2085"]
[BlackElo "2312"]
[PlyCount "73"]
[Result "1-0"]

1.e4 c5 {Hi, goodluk from Italy ( Bologna).}  
2.Nf3 {good luck from USA (Virginia)}  d6 3.Bb5+ 
Nd7 4.d4 Ngf6 5.Nc3 a6 6.Bxd7+ Nxd7 7.O-O cxd4 
8.Qxd4 Qb6 9.Qd3 e6 10.Rd1 Nc5 11.Qc4 Qc6 12.Nd4 
Qd7 13.Qe2 b6 14.a4 Be7 15.b4 Nb7 16.Qg4 O-O 
17.Rd3 Bf6 18.Bg5 Bxd4 19.Rxd4 f6 20.Be3 Qc7 
21.Rd3 Bd7 22.Qg3 Bc6 23.h4 b5 24.Qg4 Rae8 25.axb5 
Bxb5 26.Nxb5 axb5 27.Bd4 Qf7 28.Ra7 Re7 29.h5 Nd8 
30.Ra6 f5 31.Qh4 e5 32.Bb6 Nc6 33.exf5 e4 34.Rxd6 
Nxb4 35.Ra3 Nxc2 36.Rc3 {The game is lost. Don't 
you think?}  Rd7 37.Bc5 1-0

[Event "HCL-B3842"]
[Site "www.playchess.de"]
[Date "2006.01.29"]
[Round "2"]
[White "nichju"]
[Black "littleman"]
[WhiteElo "1004"]
[BlackElo "1200"]
[PlyCount "51"]
[Result "1-0"]

1.e4 {Hi, nice to meet you}  d5 {where u 
fromd7
}  2.exd5 {I am from Germany (near Frankfurt)}  
Qxd5 3.Nc3 Qd6 4.d4 e6 5.Nf3 a6 6.g3 h6 7.Bf4 Qd8 
8.Bc4 Be7 9.Ne5 Nd7 10.O-O Ngf6 11.Nd3 O-O 12.Ne5 
b5 13.Bb3 Bb7 14.h4 Bd6 15.Qe2 Nd5 16.Qg4 N7f6 
17.Qf3 b4 18.Nxd5 Nxd5 19.Qg4 Nxf4 20.Qxf4 a5 
21.a4 f6 22.Bxe6+ Kh7 23.Qf5+ Kh8 24.Ng6+ Kh7 
25.Nxf8+ Kh8 26.Qh7+ 1-0

[Event "HCL-C3940"]
[Site "www.playchess.de"]
[Date "2006.01.29"]
[Round "13"]
[White "epenz"]
[Black "Milosforman"]
[WhiteElo "917"]
[BlackElo "1040"]
[PlyCount "120"]
[Result "0-1"]

1.e4 c5 2.Nf3 e6 3.Nc3 a6 4.d3 d6 5.Be2 Be7 6.O-O 
Nf6 7.a3 d5 8.exd5 Nxd5 9.Bd2 h6 10.Nxd5 Qxd5 
11.b4 cxb4 12.axb4 Nc6 13.c3 O-O 14.Qc2 Bd6 
15.Rfb1 e5 16.b5 Nb8 17.b6 f5 18.c4 Qc6 19.c5 Be7 
20.Nxe5 Qd5 21.d4 Nd7 22.Nxd7 Bxd7 23.Be3 f4 
24.Bd2 Bf5 25.Qc4 Qxc4 26.Bxc4+ Kh8 27.Rbe1 Bf6 
28.Bc3 Rae8 29.Rxe8 Rxe8 30.Kf1 h5 31.Bxa6 bxa6 
32.Rxa6 Bd3+ 33.Kg1 Bxd4 34.h3 Bxa6 35.Bxd4 Kh7 
36.c6 Re6 37.c7 Bc8 38.g3 fxg3 39.fxg3 g5 40.Kf2 
Rd6 41.Bc5 Rd2+ 42.Kf3 g4+ 43.hxg4 hxg4+ 44.Ke4 
Rc2 45.Kd5 Rc3 46.Kd6 Rxg3 47.Kc6 Rb3 48.Kd6 g3 
49.Ke7 Rd3 50.Ke8 Rd5 51.Bg1 {(offering draw)}  
Kh6 52.Ke7 Kh5 53.Kf6 Kg4 54.Be3 Kf3 55.Bg1 Kg2 
56.Be3 Kh2 57.Bf4 Rf5+ 58.Ke7 Rxf4 59.b7 Bxb7 
60.Kd7 g2 0-1

[Event "HCL-B3736"]
[Site "www.playchess.de"]
[Date "2006.01.29"]
[Round "8"]
[White "ronan48"]
[Black "RUDI"]
[WhiteElo "926"]
[BlackElo "1318"]
[PlyCount "74"]
[Result "0-1"]

1.e4 {Hello !}  e5 {bonjour!}  2.Nf3 {Gutentacht 
!}  Nc6 {Tag!}  3.Nc3 Nf6 4.d4 exd4 5.Nxd4 Nxd4 
6.Qxd4 b6 7.e5 Ng8 8.Bd3 Bb7 9.Bf4 Bc5 10.Qa4 Bc6 
11.Nb5 a6 12.Qb3 Bxb5 13.O-O Bxd3 14.cxd3 Ne7 
15.Rad1 Nc6 16.Rfe1 O-O 17.Qc3 Bd4 18.Qb3 Na5 
19.Qb4 c5 20.Qa4 b5 21.Qc2 Rc8 22.b3 Nc6 23.Qe2 
Bc3 24.Ref1 Nd4 25.Qe4 Re8 26.g3 d5 27.Qg2 Ne2+ 
28.Kh1 Nxf4 29.gxf4 f6 30.Rfg1 g6 31.exf6 Bxf6 
32.h3 d4 33.f5 g5 34.Qg4 Qd5+ 35.f3 Re3 36.h4 Rxf3 
37.hxg5 Rh3+ 0-1

[Event "HCL-B3824"]
[Site "www.playchess.de"]
[Date "2006.01.29"]
[Round "3"]
[White "Ivan_Lacerda"]
[Black "pirracas"]
[WhiteElo "1180"]
[BlackElo "1801"]
[PlyCount "81"]
[Result "1-0"]

1.e4 {Hi amigo!!!!}  e5 2.Nf3 Nc6 3.Bc4 Bc5 4.d3 
Nf6 5.Bg5 O-O 6.a3 d6 7.b4 Bb6 8.Nbd2 Bg4 9.h3 Bh5 
10.c3 h6 11.Be3 Bxe3 12.fxe3 a6 13.Ba2 Ne7 14.Qc2 
b6 15.d4 Bxf3 16.Nxf3 Kh8 17.O-O-O Qc8 18.g4 Qb7 
19.d5 c6 20.g5 hxg5 21.Nxg5 Rac8 22.dxc6 Rxc6 
23.Nxf7+ Kh7 24.Nxd6 Qc7 25.c4 Rxd6 26.Rxd6 Qxd6 
27.Rd1 Qc6 28.Bb1 Rc8 29.Kb2 Qxc4 30.Qg2 Qc3+ 
31.Ka2 Qxe3 32.Rd3 Qxe4 33.Rb3 Qxb1+ {oooops, lol} 
 34.Kxb1 Nf5 35.Qg5 Nd4 36.Rg3 Rc7 37.Qxe5 Rc4 
38.Qf4 b5 39.Qh4+ Kg8 40.Qxf6 Ne2 
41.Qxg7+ 1-0

[Event "HCL-E1539"]
[Site "www.playchess.de"]
[Date "2006.01.29"]
[Round "14"]
[White "mrchess"]
[Black "BohdanL"]
[WhiteElo "1437"]
[BlackElo "1486"]
[PlyCount "75"]
[Result "1-0"]

1.d4 {good luck}  d5 {hi, same to you too}  2.e3 
Nc6 3.c3 Nf6 4.Bd3 e6 5.Nd2 Bd6 6.f4 h5 7.Ngf3 a6 
8.O-O b5 9.Ne5 Bxe5 10.fxe5 Ng4 11.Nb3 Rb8 12.Qf3 
O-O 13.Nc5 a5 14.h3 Nh6 15.Qxh5 Ne7 16.e4 dxe4 
17.Nxe4 Nef5 18.Bf4 Qh4 19.Qxh4 Nxh4 20.Bxh6 gxh6 
21.Nf6+ Kh8 22.Rf4 Ng6 23.Rg4 h5 24.Nxh5 Rb6 
25.Bxg6 fxg6 26.Rxg6 Kh7 27.Rg7+ Kh6 28.g4 c5 
29.Rf1 Rxf1+ 30.Kxf1 c4 31.Kf2 b4 32.Rc7 Ba6 
33.Nf6 bxc3 34.bxc3 Rb2+ 35.Kg3 Rc2 36.h4 Rxc3+ 
37.Kf4 Rh3 38.h5 1-0

[Event "HCL-C3955"]
[Site "www.playchess.de"]
[Date "2006.01.29"]
[Round "5"]
[White "Kannsnich"]
[Black "papolo"]
[WhiteElo "801"]
[BlackElo "800"]
[PlyCount "79"]
[Result "1-0"]

1.c4 e5 2.Nc3 b6 3.Nf3 Ba6 4.b3 Nc6 5.g3 Be7 6.Bg2 
Nf6 7.d4 exd4 8.Nxd4 Bb4 9.Bb2 d5 10.Nxc6 Qd7 
11.Nxb4 c6 12.cxd5 cxd5 13.Nbxd5 Bb7 14.Nxf6+ gxf6 
15.Qxd7+ Kxd7 16.Bxb7 Rab8 17.O-O-O+ Kc7 18.Bd5 
Rhd8 19.Bxf7 f5 20.Rxd8 Kxd8 21.Be6 Kc7 22.Bxf5 
Kc6 23.Rd1 Kc5 24.Kb1 b5 25.Rd5+ Kb4 26.Rxb5+ Rxb5 
27.Nxb5 a6 28.Nc3 a5 29.e4 h5 30.e5 h4 31.e6 hxg3 
32.hxg3 Kc5 33.e7 Kd4 34.e8Q Kc5 35.Qe5+ Kc6 
36.Qd5+ Kb6 37.Na4+ Ka6 38.Qc6+ Ka7 39.Qb6+ Ka8 
40.Be4+ 1-0

[Event "HCL-M844"]
[Site "www.playchess.de"]
[Date "2006.01.29"]
[Round "7"]
[White "edmonte"]
[Black "temple"]
[WhiteElo "2158"]
[BlackElo "1794"]
[PlyCount "28"]
[Result "0-1"]

1.e4 d5 2.exd5 Nf6 3.d4 Nxd5 4.c4 Nf6 5.Nf3 e6 
6.Nc3 Be7 7.Qb3 O-O 8.Be2 Nbd7 9.O-O b6 10.Bg5 h6 
11.Bf4 Bd6 12.Ne5 Bb7 13.Nb5 Re8 14.Nxf7 
Kxf7 0-1

[Event "HCL-C3917"]
[Site "www.playchess.de"]
[Date "2006.01.29"]
[Round "13"]
[White "schachsky"]
[Black "Milosforman"]
[WhiteElo "1184"]
[BlackElo "1003"]
[PlyCount "63"]
[Result "1-0"]

1.e4 {Hello, have a nice game!}  c5 2.Nf3 e6 3.Bb5 
a6 4.Be2 Be7 5.Nc3 d6 6.d3 Nf6 7.Be3 Bd7 8.O-O e5 
9.b3 b5 10.a4 b4 11.Na2 a5 12.c3 bxc3 13.Nxc3 Nc6 
14.Nb5 Nb4 15.Rc1 Bxb5 16.axb5 Rb8 17.Bd2 Rxb5 
18.d4 exd4 19.Bxb5+ Nd7 20.Bxb4 axb4 21.Re1 h6 
22.Ra1 Qb8 23.Qd3 O-O 24.Bxd7 Qc7 25.Bb5 f5 
26.Qc4+ Kh8 27.Nxd4 f4 28.Ne6 Qd8 29.Nxd8 Rxd8 
30.Qf7 Kh7 31.Ra7 Bg5 32.Qxg7+ {??} 
 1-0

[Event "HCL-A2508"]
[Site "www.playchess.de"]
[Date "2006.01.29"]
[Round "16"]
[White "zemljanin"]
[Black "pawnstorm"]
[WhiteElo "1389"]
[BlackElo "1502"]
[PlyCount "108"]
[Result "0-1"]

1.e4 {hi}  c5 {Hello}  2.d4 cxd4 3.Qxd4 Nc6 4.Qd1 
Nf6 5.Nc3 d6 6.Bb5 Bd7 7.Nf3 a6 8.Bd3 g6 9.O-O Bg7 
10.Rb1 O-O 11.h3 Qc7 12.b4 b5 13.Be3 Nxb4 14.Rxb4 
Qxc3 15.Bd2 Qc7 16.c3 Rfc8 17.Qe2 Be6 18.a3 Ne8 
19.Rc1 Qa5 20.a4 bxa4 21.c4 a3 22.Rb7 Qc5 23.Bb4 
Qc6 24.Rxe7 Bf6 25.Rxe6 fxe6 26.Bxa3 Rcb8 27.e5 
dxe5 28.Be4 Qa4 29.Bxa8 Qxa3 30.Re1 Rxa8 31.Nxe5 
Qd6 32.Nd3 Nc7 33.Qf3 Rf8 34.Qe2 Bd4 35.Kh1 Qb6 
36.f4 a5 37.Qc2 Qc6 38.Kh2 Qd6 39.g3 Qa3 40.Re4 
Qa1 41.Re1 Qc3 42.Re2 Rb8 43.Qxc3 Bxc3 44.Ra2 Kf7 
45.Kg2 Rd8 46.Ne5+ Kf6 47.Ng4+ Ke7 48.Nf2 Rd2 
49.Rxd2 Bxd2 50.Nd3 a4 51.Nc5 a3 52.Nb3 Bc3 53.Nc1 
Bb2 54.Na2 Kd6 0-1

[Event "HCL-E1556"]
[Site "www.playchess.de"]
[Date "2006.01.29"]
[Round "9"]
[White "Abra"]
[Black "hal1958"]
[WhiteElo "1503"]
[BlackElo "1427"]
[PlyCount "95"]
[Result "1-0"]

1.e4 {Prettige partij}  e5 {ook voor jou een 
prettige partij}  2.Nf3 d6 3.h3 f5 4.exf5 Bxf5 
5.Bb5+ c6 6.Ba4 h6 7.d3 Nf6 8.O-O Be7 9.Bb3 Nbd7 
10.a3 b5 11.Ba2 Qc7 12.b4 Nb6 13.Nh4 Bh7 14.Qf3 
Rf8 15.Nf5 Bxf5 16.Qxf5 Nfd5 17.Qg4 Bf6 18.Re1 Qd7 
19.Qg6+ Qf7 20.Qxf7+ Rxf7 21.Nd2 Rd7 22.Ne4 O-O-O 
23.Nxf6 gxf6 24.Bxh6 Rh7 25.Be3 Nxe3 26.Rxe3 d5 
27.Rg3 Na4 28.Re1 Nc3 29.Bb3 d4 30.Rg6 Rf8 31.Kh2 
Re7 32.f4 Kd7 33.f5 Kd6 34.g4 Nd5 35.g5 Rh7 
36.Bxd5 Kxd5 37.Rf1 fxg5 38.Rxg5 Rf6 39.Rg6 Rhf7 
40.Rxf6 Rxf6 41.h4 e4 42.dxe4+ Kxe4 43.Kg3 Rxf5 
44.Rxf5 Kxf5 45.Kf3 a6 46.h5 Kg5 47.Ke4 Kxh5 
48.Kxd4 1-0

[Event "HCL-B3768"]
[Site "www.playchess.de"]
[Date "2006.01.29"]
[Round "3"]
[White "sundfar"]
[Black "Huib"]
[WhiteElo "1298"]
[BlackElo "1252"]
[PlyCount "68"]
[Result "0-1"]

1.e4 d5 {sorry for letting you wait, I'll try not 
to do so again. good luck}  2.exd5 Qxd5 3.Nf3 Bg4 
4.Nc3 Bxf3 5.gxf3 Qa5 6.Bc4 Nf6 7.d3 e6 8.Bd2 Qb6 
9.Na4 Qd6 10.Qe2 a6 11.Bb3 Nc6 12.O-O-O Nd4 13.Qe3 
O-O-O 14.Nc3 Qb6 15.Bc4 Bc5 16.Na4 Qa7 17.Nxc5 
Qxc5 18.b4 Qb6 19.Bc3 Rhe8 20.Rhg1 Nf5 21.Qxb6 
cxb6 22.a4 Nd5 23.Bxd5 exd5 24.Bxg7 Re2 25.Bf6 
Rde8 26.Rd2 R2e1+ {:)}  27.Rd1 R1e2 28.Rgf1 d4 
29.c3 Ne3 30.fxe3 dxe3 31.Bd4 Ra2 32.Bxe3 Rxe3 
33.f4 Ree2 34.d4 Ra1+ 0-1

[Event "HCL-B3849"]
[Site "www.playchess.de"]
[Date "2006.01.29"]
[Round "8"]
[White "nico21"]
[Black "Varaboca"]
[WhiteElo "1512"]
[BlackElo "1006"]
[PlyCount "85"]
[Result "1-0"]

1.e4 e5 2.Nf3 Nc6 3.Bb5 Bd6 4.O-O a6 5.Ba4 Nf6 
6.Re1 O-O 7.c3 b5 8.Bc2 Bb7 9.d4 exd4 10.cxd4 Nb4 
11.e5 Be7 12.exf6 Bxf6 13.Bb3 d5 14.Nc3 Re8 
15.Rxe8+ Qxe8 16.a3 Nc6 17.Nxd5 Rc8 18.Nxf6+ gxf6 
19.h3 Ne7 20.Bf4 Ng6 21.Bg3 c6 22.Qe1 Qd7 23.Rd1 
Re8 24.Qc3 Qd8 25.Re1 Rf8 26.Nh4 Kg7 27.Nxg6 hxg6 
28.Qe3 Rh8 29.Qe7 Qxe7 30.Rxe7 Rf8 31.Rxb7 g5 
32.Rc7 a5 33.Rxc6 a4 34.Ba2 f5 35.Be5+ f6 36.Bd6 
Re8 37.Rc7+ Kh6 38.Kf1 Rh8 39.Bb1 Rd8 40.Bc5 Kg6 
41.g4 Rg8 42.Bxf5+ Kh6 43.Rh7+ 1-0

[Event "HCL-A2482"]
[Site "www.playchess.de"]
[Date "2006.01.29"]
[Round "1"]
[White "AidyT"]
[Black "padre"]
[WhiteElo "1345"]
[BlackElo "1383"]
[PlyCount "54"]
[Result "0-1"]

1.e4 {Hi from Scotland and good luck.}  c5 {Hello 
from Texas and good luck to you as well.}  2.Nf3 
d6 3.Bc4 e6 4.O-O Nf6 5.Nc3 Be7 6.Re1 O-O 7.d4 d5 
8.exd5 exd5 9.Be2 Re8 10.Bg5 Nc6 11.Bb5 Bd7 12.Ne5 
Nxe5 13.Bxd7 Nexd7 14.Bxf6 Nxf6 15.h3 a6 16.dxc5 
Bxc5 17.Rxe8+ Qxe8 18.Nxd5 Nxd5 19.Qxd5 Qb5 20.Rd1 
g6 21.c4 Qc6 22.Qg5 Kg7 23.Qe5+ f6 24.Qc3 b5 
25.cxb5 axb5 26.a3 Rxa3 27.Qg3 
Rxg3 0-1

[Event "HCL-B3835"]
[Site "www.playchess.de"]
[Date "2006.01.29"]
[Round "10"]
[White "tahchiev"]
[Black "RUDI"]
[WhiteElo "1200"]
[BlackElo "1259"]
[PlyCount "47"]
[Result "1-0"]

1.e4 e5 2.Nf3 Nc6 3.Bb5 Bd6 4.c3 Nf6 5.Qc2 O-O 
6.O-O a6 7.Bxc6 dxc6 8.d4 Re8 9.Bg5 exd4 10.cxd4 
Be7 11.Nc3 Nd7 12.Bxe7 Rxe7 13.Rad1 Nb6 14.h3 Re6 
15.d5 cxd5 16.Nxd5 Nxd5 17.Rxd5 Qe7 18.Rfd1 h6 
19.e5 g6 20.R5d8+ Kg7 21.Qc3 b5 22.Nd4 Rb6 23.e6 
Kh7 24.Nc6 1-0

[Event "HCL-A2547"]
[Site "www.playchess.de"]
[Date "2006.01.29"]
[Round "2"]
[White "hal1958"]
[Black "tomy"]
[WhiteElo "1480"]
[BlackElo "1541"]
[PlyCount "88"]
[Result "0-1"]

1.b4 {have a nice game}  b6 2.Bb2 Nf6 {you to 
thanks}  3.e3 Bb7 4.Nf3 d5 5.c4 e6 6.a3 c5 7.bxc5 
Bxc5 8.d4 Bd6 9.Nbd2 Nbd7 10.cxd5 Nxd5 11.Nc4 Be7 
12.Bd3 O-O 13.O-O Rc8 14.Nce5 f6 15.Nxd7 Qxd7 
16.Rc1 Rxc1 17.Qxc1 Rc8 18.Qb1 h6 19.Nd2 Bd6 
20.Ne4 Bb8 21.Rc1 Rxc1+ 22.Qxc1 f5 23.Nc3 Qd6 
24.g3 Nxc3 25.Qxc3 Qd5 26.e4 fxe4 27.Bc4 Qd7 
28.Qb3 Bd5 29.Bxd5 exd5 30.Bc1 Qc6 31.Be3 Bd6 
32.a4 a6 33.Kg2 b5 34.axb5 axb5 35.f3 exf3+ 
36.Kxf3 Qc4 37.Qb1 Qc6 38.Qb3 b4 39.Kf2 Qc4 40.Qb2 
b3 41.Ke1 Bb4+ 42.Bd2 Qc2 43.Qxc2 bxc2 44.h4 
c1Q+ 0-1